[Event "VIE-ch U13"]
[Site "Hanoi"]
[Date "2020.??.??"]
[Round "9"]
[White "Bach, The Vinh"]
[Black "Do, An Hoa1111"]
[Result "1/2-1/2"]
[WhiteElo "2319"]
[BlackElo "1600"]
[PlyCount "93"]
[EventDate "2020.10.22"]
[EventType "tourn"]
[EventRounds "9"]
[EventCountry "VIE"]
[SourceTitle "EXT 2022"]
[Source "ChessBase"]
[SourceDate "2021.10.06"]
[SourceVersion "1"]
[SourceVersionDate "2021.10.06"]
[SourceQuality "1"]

1. e4 e6 2. d4 d5 3. exd5 Qxd5 4. Nf3 Nf6 5. Be2 b6 6. 0-0 Bb7 7. c4 Qd8 8. Nc3 Be7 9. Bf4 0-0 10. Ne5 c5 11. Bf3 Qc8 12. d5 Rd8 13. Qb3 exd5 14. Nxd5 Nxd5 15. Bxd5 Bxd5 16. cxd5 Qf5 17. Bg3 Bd6 18. Rfe1 Qf6 19. Ng4 Qg6 20. Bxd6 Qxd6 21. Rad1 Nd7 22. Ne3 Re8 23. h3 g6 24. Ng4 h5 25. Nh2 Nf6 26. Rxe8+ Rxe8 27. Nf1 Ne4 28. Qf3 Qf6 29. Qxf6 Nxf6 30. Ne3 Ne4 31. Nc4 Rd8 32. d6 b5 33. f3 Ng3 34. Na5 Nf5 35. Nb7 Rd7 36. Nxc5 Rxd6 37. Rxd6 Nxd6 38. a4 bxa4 39. Nxa4 Kf8 40. Kf2 Ke7 41. Nc5 Kf6 42. b3 Nf5 43. Nd3 Ke6 44. Nc1 Kd5 45. g4 hxg4 46. hxg4 Nd6 47. Ke3 1/2-1/2

[Event "VIE-ch U13"]
[Site "Hanoi"]
[Date "2020.??.??"]
[Round "5"]
[White "Bui, Dang Khoa"]
[Black "Bach, The Vinh"]
[Result "1-0"]
[WhiteElo "2320"]
[BlackElo "2319"]
[PlyCount "126"]
[EventDate "2020.10.22"]
[EventType "tourn"]
[EventRounds "9"]
[EventCountry "VIE"]
[SourceTitle "EXT 2022"]
[Source "ChessBase"]
[SourceDate "2021.10.06"]
[SourceVersion "1"]
[SourceVersionDate "2021.10.06"]
[SourceQuality "1"]

1. e4 c5 2. Nc3 d6 3. g3 Nf6 4. Bg2 Nc6 5. Nge2 e6 6. d4 cxd4 7. Nxd4 Bd7 8. 0-0 Be7 9. Ndb5 Qb8 10. Bf4 e5 11. Bg5 a6 12. Bxf6 gxf6 13. Na3 Be6 14. Nd5 Bxd5 15. Qxd5 Qc8 16. c3 Qe6 17. Rad1 h5 18. Nc4 Rd8 19. Ne3 Bf8 20. Nf5 Qxd5 21. Rxd5 Kd7 22. Rfd1 Kc7 23. R5d3 Be7 24. Ne3 Rh7 25. Bh3 h4 26. Bf5 Rg7 27. Nd5+ Kb8 28. Nxe7 Nxe7 29. Rxd6 Rxd6 30. Rxd6 hxg3 31. fxg3 Ng8 32. Kf2 Kc7 33. Rd7+ Kc6 34. Rd3 Ne7 35. Bd7+ Kc7 36. h4 Ng6 37. Bf5 Nf8 38. h5 Rg5 39. g4 Rg8 40. Kf3 Ne6 41. Bxe6 fxe6 42. Rd1 Rg7 43. c4 Kc6 44. b4 b6 45. a4 a5 46. bxa5 bxa5 47. Rb1 Kc5 48. Rb5+ Kxc4 49. Rxa5 Rb7 50. Ra6 Rb3+ 51. Kg2 Kd4 52. Rxe6 Kxe4 53. Rxf6 Ra3 54. h6 Rxa4 55. h7 Ra8 56. g5 Kd5 57. g6 Ra2+ 58. Rf2 Ra6 59. h8Q Rxg6+ 60. Kf1 e4 61. Qh5+ Kd4 62. Qxg6 e3 63. Rf4+ Kc3 1-0

[Event "VIE-ch U11"]
[Site "Hai Phong"]
[Date "2018.07.09"]
[Round "4"]
[White "Nguyen, Hai Nam"]
[Black "Bach, The Vinh"]
[Result "1/2-1/2"]
[WhiteElo "1880"]
[BlackElo "1872"]
[PlyCount "101"]
[EventDate "2018.07.07"]
[EventType "swiss"]
[EventRounds "9"]
[EventCountry "VIE"]
[SourceTitle "EXT 2019"]
[Source "ChessBase"]
[SourceDate "2018.10.10"]
[SourceVersion "1"]
[SourceVersionDate "2018.10.10"]
[SourceQuality "1"]

1. d4 d5 2. c4 c6 3. Nc3 Nf6 4. Nf3 Bf5 5. cxd5 Nxd5 6. Nxd5 cxd5 7. Qb3 b6 8. Bf4 e6 9. e3 a6 10. Be2 Bd6 11. Bxd6 Qxd6 12. 0-0 0-0 13. Ne5 f6 14. Nf3 Nd7 15. Rac1 b5 16. Nh4 Bg6 17. Bd3 Bxd3 18. Qxd3 Rac8 19. Nf3 Rc6 20. Rc3 Rfc8 21. Rfc1 Nb6 22. b3 Kf7 23. h3 g6 24. Qd2 Nd7 25. R3c2 h5 26. Ne1 e5 27. Nd3 Ke6 28. b4 e4 29. Nc5+ Nxc5 30. Rxc5 g5 31. Qc2 Rxc5 32. bxc5 Qc6 33. Qe2 Rh8 34. Qd2 g4 35. h4 Rg8 36. g3 Rb8 37. Qa5 b4 38. Rb1 Qb5 39. Qxb5 Rxb5 40. Rc1 Kd7 41. Kf1 a5 42. Ke1 a4 43. Rb1 Kc6 44. Kd2 Rb7 45. Rc1 b3 46. a3 f5 47. Rb1 Kb5 48. Kc3 Rc7 49. Rb2 f4 50. exf4 Re7 51. Re2 1/2-1/2